000 00414nam a2200169Ia 4500
008 230524s9999 xx 000 0 und d
020 _a8177000136
082 _a621.382
_bSIN
100 _aS.N.Singh
245 2 _aA Text Book of Power Electronics
250 _a15TH
260 _aNEW DELHI
_bDhanpat Rai
_c2005
300 _aXVI;1078+FI
500 _aQuantity Number: 2
650 _aElectronics
942 _cBK
999 _c1442
_d1442